Politicians Picture Quiz - Statistics

General Stats
  • This quiz has been taken 116 times
  • The average score is 5 of 15
Answer Stats
Picture Hint Answer % Correct
b 1953 Xi Jinping
86%
b 1953 Tony Blair
68%
1906-1982 Leonid Brezhnev
60%
b 1954 François Hollande
50%
b 1971 Marco Rubio
50%
1930-2017 Helmut Kohl
36%
1919-2000 Pierre Trudeau
36%
1889-1964 Jawaharlal Nehru
35%
1915-2006 Augusto Pinochet
30%
b 1931 Raúl Castro
24%
b 1961 Julia Gillard
18%
1923-2015 Lee Kuan Yew
15%
1895-1974 Juan Perón
14%
b 1961 John Key
5%
b 1925 Mahathir Mohamad
4%
No matching quizzes found
Score Distribution
Percent of People with Each Score
Percentile by Number Answered
Your Score History
You have not taken this quiz